[Event "FRA-chT1 1011"]
[Site "France"]
[Date "2010.10.17"]
[Round "1.7"]
[White "Chagny, Pierre"]
[Black "Quenolle, Philippe"]
[Result "0-1"]
[WhiteElo "2121"]
[BlackElo "1914"]
[PlyCount "112"]
[EventDate "2010.10.17"]
[EventType "team-tourn"]
[EventRounds "11"]
[EventCountry "FRA"]
[SourceTitle "EXT 2012"]
[Source "ChessBase"]
[SourceDate "2011.11.24"]
[SourceVersion "1"]
[SourceVersionDate "2011.11.24"]
[SourceQuality "1"]

1. c4 f5 2. g3 Nf6 3. Bg2 g6 4. Nc3 Bg7 5. d3 0-0 6. Rb1 e5 7. b4 Nc6 8. e3 d6 9. Qb3 Kh8 10. Nge2 Ne7 11. a4 c6 12. Ba3 Re8 13. b5 c5 14. 0-0 Rb8 15. d4 b6 16. dxc5 dxc5 17. a5 Qc7 18. a6 Be6 19. Nd5 Bxd5 20. cxd5 Rbd8 21. Rfd1 Nc8 22. Nc3 e4 23. Bb2 Nd6 24. Ne2 g5 25. Bf1 Qf7 26. Rd2 Ng4 27. Bxg7+ Qxg7 28. Qc3 Ne5 29. Kg2 Kg8 30. Ng1 Qg6 31. Rdd1 Ng4 32. Be2 Nf6 33. Qb3 h5 34. Nh3 Re7 35. Rg1 Kh7 36. Rbd1 Kh6 37. Qb2 Qf7 38. Kh1 Kg6 39. Qb3 Red7 40. f4 exf3 41. Bxf3 Nde4 42. Qc2 Rxd5 43. Rdf1 Rd2 44. Bxe4 Rxc2 45. Bxf5+ Kh6 46. Bxc2 Qd5+ 47. Rg2 Ng4 48. Rd1 Qxg2+ 49. Kxg2 Nxe3+ 50. Kf3 Nxd1 51. Ke4 Nc3+ 52. Ke5 Nxb5 53. Ng1 Rd2 54. Be4 Rxh2 55. Nf3 Ra2 56. Kf6 Rf2 0-1

[Event "Fouesnant op 15th"]
[Site "Fouesnant"]
[Date "2009.10.27"]
[Round "5"]
[White "Quenolle, Philippe"]
[Black "Achen, Denis"]
[Result "1/2-1/2"]
[WhiteElo "1921"]
[BlackElo "1719"]
[PlyCount "53"]
[EventDate "2009.10.26"]
[EventType "swiss"]
[EventRounds "9"]
[EventCountry "FRA"]
[SourceTitle "EXT 2010"]
[Source "ChessBase"]
[SourceDate "2010.11.25"]
[SourceVersion "1"]
[SourceVersionDate "2010.11.25"]
[SourceQuality "1"]

1. e4 g6 2. d4 Bg7 3. Nc3 d6 4. Be3 a6 5. Qd2 b5 6. f3 e6 7. Nce2 Bb7 8. g4 Nd7 9. Ng3 e5 10. c4 bxc4 11. Bxc4 Ngf6 12. h4 h5 13. g5 Nh7 14. Nh3 0-0 15. f4 exf4 16. Nxf4 Kh8 17. 0-0 Qe7 18. Rae1 Nb6 19. Bd3 Qd7 20. Qe2 Rae8 21. Ngxh5 Bxe4 22. Bxe4 Rxe4 23. Nxg7 Kxg7 24. Qf3 Rfe8 25. b3 d5 26. a4 c6 27. Bf2 1/2-1/2

[Event "FRA-chT2 South 0809"]
[Site "France"]
[Date "2009.03.14"]
[Round "8.2"]
[White "Efimov, Igor"]
[Black "Quenolle, Philippe"]
[Result "1-0"]
[WhiteElo "2439"]
[BlackElo "1956"]
[PlyCount "89"]
[EventDate "2008.10.12"]
[EventType "team-tourn"]
[EventRounds "11"]
[EventCountry "FRA"]
[SourceTitle "EXT 2010"]
[Source "ChessBase"]
[SourceDate "2010.11.25"]
[SourceVersion "1"]
[SourceVersionDate "2010.11.25"]
[SourceQuality "1"]
[WhiteTeam "Monaco"]
[BlackTeam "Clermont Ferrand"]
[WhiteTeamCountry "FRA"]
[BlackTeamCountry "FRA"]

1. d4 f5 2. g3 Nf6 3. Bg2 g6 4. c3 Bg7 5. Qb3 d5 6. Nh3 0-0 7. Nd2 e6 8. Nf4 Qe8 9. h4 Na6 10. Nf3 Ne4 11. h5 g5 12. h6 Bh8 13. Nd3 Bf6 14. Be3 Qe7 15. c4 c6 16. a3 Nc7 17. Rc1 dxc4 18. Rxc4 Nd5 19. Bc1 Nd6 20. Rc2 Nb5 21. e3 Nd6 22. Nfe5 g4 23. Bd2 a5 24. a4 Nf7 25. Nc4 Qc7 26. Bxd5 exd5 27. Nb6 Ra6 28. Nxd5 Qd6 29. Nxf6+ Qxf6 30. Nf4 Re8 31. Bc3 Qd6 32. d5 c5 33. Bg7 Ne5 34. Qc3 b6 35. Rh5 Nf7 36. Rd2 Bd7 37. Bh8 Ne5 38. Bxe5 Qxe5 39. Rg5+ Kh8 40. Qc4 Raa8 41. Rg7 Re7 42. Rxe7 Qxe7 43. Qc3+ Kg8 44. d6 Qf7 45. Nd5 1-0

[Event "FRA-chT2 South 0809"]
[Site "France"]
[Date "2008.11.23"]
[Round "3.6"]
[White "Quenolle, Philippe"]
[Black "Mourot, Jean Pierre"]
[Result "1/2-1/2"]
[WhiteElo "1956"]
[BlackElo "2037"]
[PlyCount "65"]
[EventDate "2008.10.12"]
[EventType "team-tourn"]
[EventRounds "11"]
[EventCountry "FRA"]
[SourceTitle "EXT 2010"]
[Source "ChessBase"]
[SourceDate "2010.11.25"]
[SourceVersion "1"]
[SourceVersionDate "2010.11.25"]
[SourceQuality "1"]
[WhiteTeam "Clermont Ferrand"]
[BlackTeam "Hyeres II"]
[WhiteTeamCountry "FRA"]
[BlackTeamCountry "FRA"]

1. e4 c5 2. d4 cxd4 3. c3 dxc3 4. Nxc3 Nc6 5. Nf3 e6 6. Bc4 Qc7 7. Qe2 Nf6 8. 0-0 Ng4 9. g3 Bc5 10. Kg2 0-0 11. h3 Nge5 12. Nxe5 Nxe5 13. Bf4 h6 14. Rac1 Bd6 15. Bb3 Ng6 16. Be3 Qb8 17. Bb6 Bf4 18. Rc2 d5 19. exd5 exd5 20. Nxd5 Bf5 21. Bc7 Bxc7 22. Rxc7 Re8 23. Ne7+ Kf8 24. Nxg6+ Bxg6 25. Qc4 Kg8 26. Bc2 b5 27. Qc5 Bxc2 28. Qxc2 Qb6 29. Rc1 Rad8 30. Qf5 Rf8 31. Qc5 Qxc5 32. R7xc5 Rd2 33. R1c2 1/2-1/2